INFORME FINAL DEL EJERCICIO PROFESIONAL SUPERVISADO REALIZADO EN LA GRANJA CHISAC, S. A., UBICADA EN EL MUNICIPIO DE TACTIC, ALTA VERAPAZ./ (Registro nro. 2277)
[ vista simple ]
| 000 -LEADER | |
|---|---|
| campo de control de longitud fija | 03958nam a22003257a 4500 |
| 001 - NÚMERO DE CONTROL | |
| campo de control | TZ 0037 |
| 003 - IDENTIFICADOR DE NÚMERO DE CONTROL | |
| campo de control | gtcocun |
| 005 - FECHA Y HORA DE LA ÚLTIMA TRANSACCIÓN | |
| campo de control | 20251007185105.0 |
| 006 - CÓDIGOS DE INFORMACIÓN DE LONGITUD FIJA--CARACTERÍSTICAS DEL MATERIAL ADICIONAL | |
| campo de control de longitud fija | a||||gr|||| 00| 0 |
| 007 - CAMPO FIJO DE DESCRIPCIÓN FÍSICA--INFORMACIÓN GENERAL | |
| campo de control de longitud fija | ta |
| 008 - DATOS DE LONGITUD FIJA--INFORMACIÓN GENERAL | |
| campo de control de longitud fija | 251007b2009 gt ||||| m||| 00| 0 eng d |
| 040 ## - FUENTE DE CATALOGACIÓN | |
| Centro catalogador/agencia de origen | gtcocun |
| Lengua de catalogación | SPA |
| Centro/agencia transcriptor | gtcocun |
| Normas de descripción | RDA |
| 041 ## - CÓDIGO DE IDIOMA | |
| Código de lengua del texto/banda sonora o título independiente | SPA TZ 0037 |
| 084 ## - OTRO NÚMERO DE CLASIFICACIÓN | |
| Número de control del registro de autoridad o número normalizado | TZ 0037 |
| 100 ## - ENTRADA PRINCIPAL--NOMBRE DE PERSONA | |
| Nombre de persona | Vargas Ochoa, Julia María |
| Término indicativo de función/relación | Autor |
| 245 ## - MENCIÓN DEL TÍTULO | |
| Título | INFORME FINAL DEL EJERCICIO PROFESIONAL SUPERVISADO REALIZADO EN LA GRANJA CHISAC, S. A., UBICADA EN EL MUNICIPIO DE TACTIC, ALTA VERAPAZ./ |
| Mención de responsabilidad, etc. | Julia María Vargas Ochoa. |
| Medio | Impreso |
| 264 ## - PRODUCCIÓN, PUBLICACIÓN, DISTRIBUCIÓN, FABRICACIÓN Y COPYRIGHT | |
| Producción, publicación, distribución, fabricación y copyright | Cobán, Alta Verapaz: |
| Nombre del de productor, editor, distribuidor, fabricante | Universidad de San Carlos de Guatemala, Centro Universitario del Norte, Zootecnia. |
| Fecha de producción, publicación, distribución, fabricación o copyright | 2009 |
| 300 ## - DESCRIPCIÓN FÍSICA | |
| Extensión | 50 p.: |
| Otras características físicas | Ilustraciones, gráficas. |
| Dimensiones | 28 cm; |
| 336 ## - TIPO DE CONTENIDO | |
| Fuente | rdacontenido |
| Término de tipo de contenido | Texto |
| Código de tipo de contenido | txt |
| 337 ## - TIPO DE MEDIO | |
| Fuente | rdamedio |
| Nombre/término del tipo de medio | Computadora |
| Código del tipo de medio | n |
| 338 ## - TIPO DE SOPORTE | |
| Fuente | rdasoporte |
| Nombre/término del tipo de soporte | Código en línea |
| Código del tipo de soporte | cr |
| 502 ## - NOTA DE TESIS | |
| identificador de la tesis | TZ 0037 |
| 502 ## - NOTA DE TESIS | |
| Nota de tesis | Tesis de grado |
| Tipo de título | Zootecnia, |
| Nombre de la institución que otorga el título | Universidad de San Carlos de Guatemala, Centro Universitario del Norte, Zootecnia |
| Año de obtención del título | 2009 |
| Identificador de la tesis | TZ 0037 |
| 520 14 - RESUMEN, ETC. | |
| Sumario, etc. | El Ejercicio Profesional Supervisado (EPS), se realizó en la Granja Chisac, S. A., ubicada en el Municipio de Tactic, Alta Verapaz, donde se<br/>efectuaron diferentes actividades que contribuyeron al desarrollo de la empresa y<br/>adquisición de conocimientos de la estudiante del Ejercicio Profesional<br/>Supervisado.<br/><br/>Dentro de las actividades planificadas se encuentran: Llevar un manejo adecuado de 15,000 aves de levante, incluyendo control de alimentación y de vacunación, diseño de un marco de desinfección, controles de peso y producción de las aves, selección de las mismas, manejo adecuado de gallinaza, evaluación retrospectiva de la producción, manejo y actualización del libro de personal fijo.<br/>Todas estas actividades se realizaron satisfactoriamente, continuando y<br/>promoviendo el desarrollo en la granja.<br/><br/>También surgieron actividades no planificadas durante el transcurso de la práctica, que fueron necesarias como: El control de un levante de 21,626 aves, implementar tablas de control de productos utilizados durante el manejo de las mismas, en etapa de levante, tarjetas de control de productos y cuadros de<br/>costos de producción, limpieza e inventario físico de algunas galeras, como también una investigación inferencial, que consistió en comparar dos tipos de alimentos proporcionados a las aves y evaluando los diferentes rendimientos de las mismas, obteniendo un resultado poco significativo entre ambos alimentos; asimismo, la elaboración de una propuesta para realizar salchichas, utilizando gallinas de descarte y cubicar madera en el área de montaña de la<br/>granja; todas estas actividades se desarrollaron durante el transcurso del<br/>Ejercicio Profesional Supervisado, donde se obtuvieron buenos resultados.<br/><br/>Una parte de la práctica se proyectó hacia la comunidad de la Aldea Tampó, ubicada en los alrededores de la unidad productiva; desarrollando actividades como: Jornadas de vacunación de aves de patio, charla sobre<br/>manejo de las mismas, talleres relacionados con la elaboración de salchichas a<br/>base de aves de descarte y preparación de jaleas de frutas. Éstas se realizaron<br/>para contribuir al desarrollo comunitario, teniendo una respuesta positiva por<br/>parte de los miembros de la aldea; por tanto, se recomendó que este tipo de<br/>apoyo se continúe por parte de la empresa; asimismo, se proporcionen vacunas<br/>necesarias para mantener un buen control sanitario de las aves de dicha comunidad. |
| 650 14 - PUNTO DE ACCESO ADICIONAL DE MATERIA--TÉRMINO DE MATERIA | |
| Fuente del encabezamiento o término | LEMB |
| Término de materia o nombre geográfico como elemento de entrada | Tactic, Alta Verapaz. |
| Subdivisión general | Zootecnia |
| -- | Control sanitario |
| -- | Desarrollo comunitario |
| -- | Vacunación |
| -- | Productos |
| -- | Costos de producción |
| 700 ## - ENTRADA AGREGADA--NOMBRE PERSONAL | |
| Nombre de persona | ASESOR Lic. Zoot. MPA. Fredy Giovani Macz Choc |
| Término indicativo de función/relación | Asesor |
| 856 ## - LOCALIZACIÓN Y ACCESO ELECTRÓNICOS | |
| Identificador Uniforme de Recurso | <a href="https://drive.google.com/file/d/1LypLzv2H9tYDmNhQkBKaABv8pFx1t_ud/view">https://drive.google.com/file/d/1LypLzv2H9tYDmNhQkBKaABv8pFx1t_ud/view</a> |
| Texto de enlace | |
| Nota pública | Un ejemplar en línea. |
| 942 ## - ELEMENTOS DE ENTRADA SECUNDARIOS (KOHA) | |
| Fuente de la clasificación o esquema de estantería | Clasificación Decimal Dewey |
| Tipo de ítem Koha | TESIS |
| Parte de la signatura que identifica el ejemplar (Parte del ítem) | TZ 0037 |
| Prefijo de la signatura | Clasificación |
| Suprimir en OPAC | No |
| -- | TZ_0037_000000000000000 |
| Estatus retirado | Estado de pérdida | Fuente de la clasificación o esquema de estantería | Estado de daño | No para préstamo | Colección | Biblioteca de origen | Biblioteca actual | Ubicación en estantería | Fecha de adquisición | Número de inventario | Total de préstamos | Signatura topográfica completa | Código de barras | Visto por última vez | Precio de reemplazo | Tipo de ítem Koha |
|---|---|---|---|---|---|---|---|---|---|---|---|---|---|---|---|---|
| Clasificación Decimal Dewey | tesis | BIBLIOTECA- CUNOR -JOSÉ LUIS GONZALES ROSALES | BIBLIOTECA- CUNOR -JOSÉ LUIS GONZALES ROSALES | Colección tesis | 16/09/2025 | TZ 0037 | TZ 0037 | TZ 0037 | 16/09/2025 | 16/09/2025 | TESIS |